Obálka Náhled e-knihy:
Epub
Pro půjčování e-knih musíte být přihlášeni.
Jak si půjčit online?

Závěť /

Závěť (nebo též Velký testament) je název díla francouzského spisovatele Françoise Villona. Vyznačuje se ironickým pohledem na svět. V díle autor hodnotí a zamýšlí se nad svým pohnutým životem a své hříšné činy omlouvá chudobou a krutým osudem, vzpomíná také na své lásky. Popisuje zřícení starých ji...

Celý popis

Uloženo v:
Hlavní autor: Villon, François (Autor)
Médium: E-kniha
Jazyk:Czech
Vydáno: Praha : Artis, 2023
Tagy:
Žádné tagy
LEADER 01229nam a22002297i 4500
001 312000
007 ta
008 260601s2023 xr ||||| |||| 00| 0 cze d
020 |a 9990003806277 
044 |a xr 
100 1 |a  Villon, François  |4 aut 
245 1 0 |a Závěť /  |c  Villon, François 
264 1 |a Praha :  |b Artis,  |c 2023 
300 |a 1 online zdroj (25 stran) 
336 |a text  |b txt  |2 rdacontent 
337 |a bez média  |b n  |2 rdamedia 
338 |a online zdroj  |b cr  |2 rdacarrier 
520 2 |a Závěť (nebo též Velký testament) je název díla francouzského spisovatele Françoise Villona. Vyznačuje se ironickým pohledem na svět. V díle autor hodnotí a zamýšlí se nad svým pohnutým životem a své hříšné činy omlouvá chudobou a krutým osudem, vzpomíná také na své lásky. Popisuje zřícení starých jistot. 
910 |a RBIT002 
998 |d 380627  |a https://core.palmknihy.cz/api/books/380627/cover?rybv81  |b https://core.palmknihy.cz/api/books/380627/cover/400?rybv81  |c https://core.palmknihy.cz/api/books/380627/cover/50?rybv81  |e 2099-12-01  |g 25  |i 9990003806277  |j https://core.palmknihy.cz/api/books/380627/preview.epub  |l   |q 49  |r 1  |s https://www.palmknihy.cz/kniha/380627  |t ebook  |y 2023  |z 1 
999 |d 311998